Children and violence : (Record no. 1061)
[ view plain ]
| 000 -LEADER | |
|---|---|
| fixed length control field | 00525nam a2200145 4500 |
| 008 - FIXED-LENGTH DATA ELEMENTS--GENERAL INFORMATION | |
| fixed length control field | 010427s1991 us ca engCO |
| 090 ## - LOCALLY ASSIGNED LC-TYPE CALL NUMBER (OCLC); LOCAL CALL NUMBER (OCLC) | |
| Classification number (OCLC) (R) ; Classification number, CALL (RLIN) (NR) | HQ784 |
| Local cutter number (OCLC) ; Book number/undivided call number, CALL (RLIN) | .V55 |
| -- | C43w |
| 110 2# - MAIN ENTRY--CORPORATE NAME | |
| Corporate name or jurisdiction name as entry element | World Vision |
| 245 10 - TITLE STATEMENT | |
| Title | Children and violence : |
| Remainder of title | the Washington forum perspective on our global future / |
| Statement of responsibility, etc | World Vision |
| 260 ## - PUBLICATION, DISTRIBUTION, ETC. (IMPRINT) | |
| Place of publication, distribution, etc | Washington : |
| Name of publisher, distributor, etc | World Vision, |
| Date of publication, distribution, etc | c1991. |
| 300 ## - PHYSICAL DESCRIPTION | |
| Extent | 88 p. : |
| Other physical details | ills. ports. |
| 650 #4 - SUBJECT ADDED ENTRY--TOPICAL TERM | |
| Topical term or geographic name as entry element | Children and violence |
| General subdivision | Addresses, essays, lectures |
| 650 #4 - SUBJECT ADDED ENTRY--TOPICAL TERM | |
| Topical term or geographic name as entry element | Violence in children |
| General subdivision | Addresses, essays, lectures |
| 950 0# - LOCAL HOLDINGS (RLIN) | |
| -- | .95 |
| Withdrawn status | Lost status | Damaged status | Not for loan | Home library | Current library | Shelving location | Date acquired | Accession number | Shelving control number | Total Checkouts | Full call number | Barcode | Date last seen | Price effective from | Koha item type |
|---|---|---|---|---|---|---|---|---|---|---|---|---|---|---|---|
| BSOP Library | BSOP Library | GC | 12/21/2000 | 23443 | 127 | HQ784/.V55/C43w | 00015955 | 02/23/2013 | 02/23/2013 | Books |
